书目信息 |
| 题名: |
世纪百战
|
|
| 作者: | 王美华 编著 | |
| 分册: | 1 20世纪十大谍报战 | |
| 出版信息: | 呼和浩特 内蒙古人民出版社 2004.12 |
|
| 页数: | 135页 | |
| 开本: | 20cm | |
| 丛书名: | ||
| 单 册: | ||
| 中图分类: | E195 | |
| 科图分类: | ||
| 主题词: | 军事--世界 | |
| 电子资源: | ||
| ISBN: | 7-204-06418-6 | |
| 000 | 00620nam0 2200205 450 | |
| 001 | 0757495153 | |
| 005 | 20070311162126.26 | |
| 010 | @a7-204-06418-6@dCNY19.45 | |
| 100 | @a20070311d2004 km y0chiy0120 ea | |
| 101 | 0 | @achi |
| 102 | @aCN@b150000 | |
| 200 | 1 | @a世纪百战@Ashi ji bai zhan@h1@i20世纪十大谍报战@f王美华编著@Fwang mei hua bian zhu |
| 210 | @a呼和浩特@c内蒙古人民出版社@d2004.12 | |
| 215 | @a135页@d20cm | |
| 517 | 1 | @a20世纪十大谍报战@A20 shi ji shi da die bao zhan |
| 606 | 0 | @a军事@x世界 |
| 690 | @aE195@v3 | |
| 701 | 0 | @a王美华@Awang mei hua@4编著 |
| 801 | 0 | @aCN@c20070311 |
| 905 | @a10447@dE195@eW272:1 | |
| 世纪百战.1.20世纪十大谍报战/王美华编著.-呼和浩特:内蒙古人民出版社,2004.12 |
| 135页;20cm |
| ISBN 7-204-06418-6:CNY19.45 |
| ● |
| 相关链接 |
|
|
|
正题名:世纪百战
索取号:E195/W272:1
 
预约/预借
| 序号 | 登录号 | 条形码 | 馆藏地/架位号 | 状态 | 备注 |
| 1 | 445688 | 204456882 | 社科库509/509社科库 115排2列2层/ [索取号:E195/W272:1] | 在馆 | |
| 2 | 445689 | 204456891 | 社科库509/509社科库 115排2列2层/ [索取号:E195/W272:1] | 在馆 |